The luminous portrait : (Record no. 30956)

MARC details
000 -LEADER
fixed length control field 01220cam a2200325 a 4500
001 - CONTROL NUMBER
control field 16840893
003 - CONTROL NUMBER IDENTIFIER
control field EG-ScBUE
005 - DATE AND TIME OF LATEST TRANSACTION
control field 20250511091022.0
008 - FIXED-LENGTH DATA ELEMENTS--GENERAL INFORMATION
fixed length control field 110623t2012 nyua f b 001 0 eng d
020 ## - INTERNATIONAL STANDARD BOOK NUMBER
International Standard Book Number 9780817400125 (alk. paper)
040 ## - CATALOGING SOURCE
Original cataloging agency DLC
Language of cataloging eng
Description conventions rda
Transcribing agency DLC
Modifying agency DLC
-- EG-ScBUE
082 04 - DEWEY DECIMAL CLASSIFICATION NUMBER
Classification number 779
Edition number 22
Item number MES
100 1# - MAIN ENTRY--PERSONAL NAME
Personal name Messina, Elizabeth,
Relator term author.
245 14 - TITLE STATEMENT
Title The luminous portrait :
Remainder of title capture the beauty of natural light for glowing, flattering portraits /
Statement of responsibility, etc Elizabeth Messina with Jacqueline Tobin.
250 ## - EDITION STATEMENT
Edition statement First edition.
264 #1 - PUBLICATION, DISTRIBUTION, ETC. (IMPRINT)
Place of publication, distribution, etc New York :
Name of publisher, distributor, etc Amphoto Books,
Date of publication, distribution, etc [2012]
264 #4 - PUBLICATION, DISTRIBUTION, ETC. (IMPRINT)
Date of publication, distribution, etc c2012
300 ## - PHYSICAL DESCRIPTION
Extent 176 pages :
Other physical details color illustrations ;
Dimensions 28 cm
336 ## - CONTENT TYPE
Source rdacontent
Content type term text
Content type code txt
337 ## - MEDIA TYPE
Source rdamedia
Media type term unmediated
Media type code n
338 ## - CARRIER TYPE
Source rdacarrier
Carrier type term volume
Carrier type code nc
504 ## - BIBLIOGRAPHY, ETC. NOTE
Bibliography, etc Includes bibliographical references and index.
650 #7 - SUBJECT ADDED ENTRY--TOPICAL TERM
Topical term or geographic name as entry element Portrait photography.
Source of heading or term BUEsh
653 ## - INDEX TERM--UNCONTROLLED
Arrived date list May2025
Resource For college Arts and Design
655 ## - INDEX TERM--GENRE/FORM
Form subdivision Reading book
700 1# - ADDED ENTRY--PERSONAL NAME
Personal name Tobin, Jacqueline,
Dates associated with a name 1950-
Relator term author.
906 ## - LOCAL DATA ELEMENT F, LDF (RLIN)
a 7
b cbc
c orignew
d 1
e ecip
f 20
g y-gencatlg
942 ## - ADDED ENTRY ELEMENTS (KOHA)
Source of classification or shelving scheme Dewey Decimal Classification
Koha item type Book - Borrowing
Holdings
Withdrawn status Lost status Source of classification or shelving scheme Damaged status Not for loan Collection code Home library Current library Shelving location Date acquired Source of acquisition Cost, normal purchase price Serial Enumeration / chronology Total Checkouts Total Renewals Full call number Barcode Date last seen Date checked out Cost, replacement price Price effective from Koha item type
    Dewey Decimal Classification     Baccah Central Library Central Library Second Floor 11/05/2025 Purchase 1273.00 39223 1 1 779 MES 000057308 15/07/2025 13/05/2025 1591.25 11/05/2025 Book - Borrowing